<?xml version="1.0" encoding="UTF-8"?><?xml-stylesheet type="text/xsl" href="static/style.xsl"?><OAI-PMH xmlns="http://www.openarchives.org/OAI/2.0/" xmlns:xsi="http://www.w3.org/2001/XMLSchema-instance" xsi:schemaLocation="http://www.openarchives.org/OAI/2.0/ http://www.openarchives.org/OAI/2.0/OAI-PMH.xsd"><responseDate>2026-04-17T13:13:38Z</responseDate><request verb="GetRecord" identifier="oai:www.recercat.cat:10256/15106" metadataPrefix="marc">https://recercat.cat/oai/request</request><GetRecord><record><header><identifier>oai:recercat.cat:10256/15106</identifier><datestamp>2024-06-14T09:44:13Z</datestamp><setSpec>com_2072_452955</setSpec><setSpec>com_2072_2054</setSpec><setSpec>col_2072_453064</setSpec></header><metadata><record xmlns="http://www.loc.gov/MARC21/slim" xmlns:dcterms="http://purl.org/dc/terms/" xmlns:xsi="http://www.w3.org/2001/XMLSchema-instance" xmlns:doc="http://www.lyncode.com/xoai" xsi:schemaLocation="http://www.loc.gov/MARC21/slim http://www.loc.gov/standards/marcxml/schema/MARC21slim.xsd">
   <leader>00925njm 22002777a 4500</leader>
   <datafield ind2=" " ind1=" " tag="042">
      <subfield code="a">dc</subfield>
   </datafield>
   <datafield ind2=" " ind1=" " tag="720">
      <subfield code="a">Ferrer, Joan</subfield>
      <subfield code="e">author</subfield>
   </datafield>
   <datafield ind2=" " ind1=" " tag="720">
      <subfield code="a">Casanellas, Pere</subfield>
      <subfield code="e">author</subfield>
   </datafield>
   <datafield ind2=" " ind1=" " tag="260">
      <subfield code="c">2013</subfield>
   </datafield>
   <datafield ind2=" " ind1=" " tag="520">
      <subfield code="a">Eduard Feliu was the first person to translate a modern Hebrew novel to&#xd;
Catalan. The novel in question was My Michael by Amos Oz, and the Catalan translation,&#xd;
El meu Mikhael, was published in 1973. That was how the practice of translating modern Hebrew literature to Catalan began. After introducing Eduard&#xd;
Feliu’s activity in the field of modern Hebrew literature translation, this article analyses&#xd;
the first chapter of his translation of My Michael, as a sample of his work, and&#xd;
highlights the different translation techniques he used to produce a text with a high&#xd;
literary tone and a rich, precise vocabulary</subfield>
   </datafield>
   <datafield ind2=" " ind1=" " tag="520">
      <subfield code="a">Eduard Feliu va ser el primer traductor d’una novel·la hebrea moderna al&#xd;
català, El meu Mikhael, d’Amos Oz, publicada l’any 1973, i així va encetar la traducció&#xd;
de literatura hebrea moderna al català. En aquest article, després de presentar la&#xd;
tasca de traducció de literatura moderna hebrea d’Eduard Feliu, s’analitza, com a&#xd;
mostra, el primer capítol de la seva traducció d’El meu Mikhael i es posen en relleu&#xd;
les diferents tècniques de traducció que hi fa servir, de manera que en resulta un text&#xd;
d’un to literari elevat i amb un lèxic ric i precís</subfield>
   </datafield>
   <datafield ind1="8" ind2=" " tag="024">
      <subfield code="a">http://hdl.handle.net/10256/15106</subfield>
   </datafield>
   <datafield tag="653" ind2=" " ind1=" ">
      <subfield code="a">Literatura hebraica moderna</subfield>
   </datafield>
   <datafield tag="653" ind2=" " ind1=" ">
      <subfield code="a">Hebrew literature, Modern</subfield>
   </datafield>
   <datafield tag="653" ind2=" " ind1=" ">
      <subfield code="a">Traduccions</subfield>
   </datafield>
   <datafield tag="653" ind2=" " ind1=" ">
      <subfield code="a">Translations</subfield>
   </datafield>
   <datafield tag="653" ind2=" " ind1=" ">
      <subfield code="a">Oz, Amos -- Traduccions al català</subfield>
   </datafield>
   <datafield tag="653" ind2=" " ind1=" ">
      <subfield code="a">Oz, Amos -- Translations into Catalan</subfield>
   </datafield>
   <datafield ind2="0" ind1="0" tag="245">
      <subfield code="a">Eduard Feliu, primer traductor d’una novel·la hebrea moderna al català = Eduard Feliu, the first translator of a modern Hebrew novel to Catalan</subfield>
   </datafield>
</record></metadata></record></GetRecord></OAI-PMH>